000 00554nam a2200205Ia 4500
003 GCL
008 140319s9999 xx 000 0 eng d
040 _aGCL /
_cGCL
082 0 4 _a641.1
_bB N
100 1 _aCALL, DAVID L
245 1 0 _aNUTRITION, NATIONAL DEVELOPMENT AND PLANNING /
_cCALL, DAVID L
700 1 _aBERG, ALAN
700 1 _aSCRIMSHAW, NEVINS
260 _a[S.N] :
_bTHE MIT PRESS ،
_c1973
300 _a401 P
650 0 4 _aNUTRITION
650 0 4 _aNUTRITION- ECONOMIC DEVELOPING
650 0 4 _aNUTRITION - SCIENCE
942 _2ddc
_cBK
999 _c19516
_d19516